000
00305nam a2200121Ia 4500
005
20251222144918.0
008
251222s9999||||xx |||||||||||||| ||spa||
082
_a
362.829.2/V73
100
_a
Olórtegui Torres, Nara
245
0
_a
Violencia Contra la Mujer en Iquitos
264
_b
INAGRUV
942
_c
LIB
999
_c
22591
_d
22591